WNBA Teams by Championships Won - Statistics

General Stats
  • This quiz has been taken 98 times
  • The average score is 4 of 10
Answer Stats
Hint Answer % Correct
2024 New York Liberty
75%
2022, 2023, 2025 Las Vegas Aces
73%
2011, 2013, 2015, 2017 Minnesota Lynx
48%
2021 Chicago Sky
44%
2001, 2002, 2016 Los Angeles Sparks
38%
2007, 2009, 2014 Phoenix Mercury
35%
2019 Washington Mystics
33%
2004, 2010, 2018, 2020 Seattle Storm
31%
2012 Indiana Fever
27%
2003, 2006, 2008 Dallas Wings
25%
No matching quizzes found
Score Distribution
Percent of People with Each Score
Percentile by Number Answered
Your Score History
You have not taken this quiz